If death ever slept

Saved in:
Bibliografiske detaljer
Hovedforfatter: Stout, Rex (Author)
Format: Bog
Sprog:engelsk
Udgivet: Nueva York Bantam Books 1957
Serier:A Nero Wolfe Novel
Fag:
Tags: Tilføj Tag
Ingen Tags, Vær først til at tagge denne postø!

MARC

LEADER 00000nam a2200000 a 4500
001 UCZ8760
003 CL-VaPUC
008 960125e19570000US |||||||||||||||||eng|d
082 0 4 |a 813  |b STO  |2 21 
100 0 |a Stout, Rex  |e author  |9 354160 
245 1 0 |a If death ever slept 
300 |a 151 p 
942 |c BK 
945 |d 19960125 00:00:00  |a cmena 
260 |a Nueva York  |b Bantam Books  |c 1957 
650 0 |a Novelas estadounidenses  |9 265217 
650 0 |a Literatura estadounidense  |9 317168 
583 |a last modification  |c 19960125 00:00:00  |k Rodrigo Vera 
490 0 |a A Nero Wolfe Novel 
999 |c 244574  |d 244572 
952 |0 0  |1 0  |4 0  |6 813_000000000000000_STO_1957  |7 0  |8 P  |9 258683  |a BIBEDU  |b BIBEDU  |c BIBEDU_PB  |d 2019-11-19  |i 1618474  |o 813 STO 1957  |p 1618474  |r 2024-01-25  |w 2019-11-19  |y BK  |k FIL